000 01517nam0a2200385 4500
001 RU\NLR\bibl\1378215
005 20260408234800.0
010 _a978-5-91362-147-4
_97000
021 _aRU
_b2009-25411
_91502
035 _a(nilc)RSL-KNO-004272017
035 _a(NLR Aleph) 001370319
090 _a1037508
_c1037508
100 _a20090331d2009 |||y0rusy50 ca
101 0 _arus
102 _aRU
105 _ay |||||||||
200 1 _aВетхозаветные сотницы
210 _aМосква
_cСибирская благозвонница
_d2009
215 _a476, [3] с.
_d17
325 _aКопия доступна в Электрон. б-ке РНБ http://vivaldi.nlr.ru/bx000031468/view
500 _aБиблия
_iВ.З
_lИзбранное
_3RU\NLR\auth\553152
_92631088
605 _aБиблия
_iВетхий Завет
_xОтрывки
_92523052
_3RU\NLR\auth\661494962
686 _aЭ37-210.1,0
_2rubbk
686 _aЭ37-210.1
801 0 _aRU
_bРГБ
_c20090331
_grcr
801 1 _aRU
_bРГБ
_c20090331
801 2 _aRU
_bNLR
_c20090605
_grcr
942 _cBOOK
980 _aNB
981 1 3 _a(13) Документы, защищенные авторским правом
_b(13) Современная научная, научно-популярная и популярная литература